The Smell of Other People's Houses /

Guardado en:
Detalles Bibliográficos
Autor principal: Hitchcock, Bonnie-Sue (autor)
Formato: Libro
Idioma:Español
Publicado: Nueva York, EUA : Wendy Lamb Books, 2016, c2016
Temas:
Etiquetas: Agrega una etiqueta
Sin etiquetas, Sé el primero en etiquetar este registro!

MARC

LEADER 00000nam^a2200000^a^4500
001 000439077
005 20250521000000.0
009 20260526145003.976
020 |a 978-0-553-49778-6 
037 |a Acervo ITESO - Biblioteca 
041 |a ESP 
082 |a 808. 899282  |b HIT 
100 |a Hitchcock, Bonnie-Sue  |e (autor) 
245 1 4 |a The Smell of Other People's Houses /  |c B.S. Hitchcock. 
264 4 |a Nueva York, EUA :  |b Wendy Lamb Books,  |c 2016, c2016 
300 |a 227 p. 
336 |a texto  |b txt  |2 rdacontenido 
337 |a sin mediación  |b n  |2 rdamedio 
338 |a volumen  |b nc  |2 rdasoporte 
521 |a FIL 2021 EEnlace Departamento de Lenguas 
649 |a XX 
650 |a Jóvenes en la Literatura 
650 |a Novela Norteamericana 
650 |a Literatura Norteamericana -  |y Siglo XXI 
650 |a Literatura Juvenil -  |z EUA 
650 |a Literatura de Mujeres -  |z EUA 
650 |a Amistad en la Literatura 
650 |a Alaska, EUA en la Literatura 
910 |a Fondo General 
920 |a Impresos - Libros 
930 |a Colección General 
940 |a Literatura 
905 |a 101 
901 |a 0500356998  |b IT1  |c LEN  |i C177188  |u 20250521 
902 |a https://opac.biblio.iteso.mx/vufind/Record/000439077